000 00216nam a2200097Ia 4500
008 190216s9999||||xx |||||||||||||| ||und||
100 _aNull
245 0 _aHindi-Alloori Sita Rama Raju
260 _bShilpi
942 _cBK
999 _c17057
_d17057